000 00484nam a2200169 4500
001 127559
003 ES-MaACL
005 20230906193033.0
007 t|
008 070214s1968 sp r ||||1| spa d
100 1 _aRiga, Peter J.
_997186
245 1 0 _aIglesia y revolución /
_cPeter J. Riga ; traducción de Angel Otero.
260 _aSantander :
_bSal Terrae,
_c1968.
300 _a217 p. ;
_c22 cm.
700 1 _aOtero, Ángel.
_987876
852 _aES-MaACL
_jC-46870
_bR.68299
999 _c127559
_d127559